[Event "Titled Tuesday intern op 15th Aug Late"]
[Site "Chess.com INT"]
[Date "2023.08.15"]
[Round "6"]
[White "Mikhailov, Viacheslav"]
[Black "Zhigalko, Sergei"]
[Result "1-0"]
[WhiteElo "2428"]
[BlackElo "2572"]
[PlyCount "93"]
[EventDate "2023.08.15"]
[EventType "swiss (blitz)"]
[EventRounds "11"]
[EventCountry "USA"]
[SourceTitle "EXT 2024"]
[Source "ChessBase"]
[SourceDate "2023.10.10"]
[SourceVersion "1"]
[SourceVersionDate "2023.10.10"]
[SourceQuality "1"]

1. c4 e5 2. g3 Nf6 3. Bg2 c6 4. d3 d5 5. cxd5 cxd5 6. Nf3 Nc6 7. 0-0 h6 8. Nc3 d4 9. Ne4 Nxe4 10. dxe4 Be7 11. Ne1 0-0 12. Nd3 Be6 13. f4 exf4 14. gxf4 f5 15. e5 Bd5 16. Bd2 Bxg2 17. Kxg2 Qd5+ 18. Rf3 Rac8 19. Qb3 Qxb3 20. axb3 a6 21. b4 Nd8 22. Nc5 b6 23. Nd7 Re8 24. Nxb6 Rc2 25. Rd3 Ne6 26. Nd5 Rxb2 27. Rxa6 Bf8 28. Kf3 Kf7 29. Ra7+ Kg8 30. Ra6 Kf7 31. h4 Rd8 32. Ra7+ Ke8 33. e4 dxe3 34. Bxe3 Bxb4 35. Rb7 Bc3 36. Re7+ Kf8 37. Rxe6 Be1 38. Rd6 Re8 39. Nc7 Ra8 40. Nxa8 Bxh4 41. Nc7 g5 42. Ne6+ Kf7 43. fxg5 hxg5 44. Nxg5+ Ke7 45. Rd7+ Ke8 46. Rd8+ Ke7 47. R3d7# 1-0

[Event "Titled Tuesday intern op 11th Jul Late"]
[Site "Chess.com INT"]
[Date "2023.07.11"]
[Round "5"]
[White "Mikhailov, Viacheslav"]
[Black "Estrada Nieto, Julian"]
[Result "1-0"]
[WhiteElo "2428"]
[BlackElo "2217"]
[PlyCount "81"]
[EventDate "2023.07.11"]
[EventType "swiss (blitz)"]
[EventRounds "11"]
[EventCountry "USA"]
[SourceTitle "EXT 2024"]
[Source "ChessBase"]
[SourceDate "2023.10.10"]
[SourceVersion "1"]
[SourceVersionDate "2023.10.10"]
[SourceQuality "1"]

1. Nf3 d5 2. g3 Nf6 3. Bg2 c6 4. 0-0 Bg4 5. d4 Nbd7 6. c4 e6 7. Nc3 Be7 8. Qb3 Qb6 9. c5 Qa6 10. Re1 b6 11. cxb6 axb6 12. e4 0-0 13. Ne5 Nxe5 14. dxe5 Nd7 15. exd5 cxd5 16. Bf1 Qa5 17. Bd2 Nc5 18. Qb5 Qxb5 19. Nxb5 Bf5 20. Bb4 Rfc8 21. Rec1 Kf8 22. Nd6 Bxd6 23. exd6 f6 24. Bb5 e5 25. a4 Kf7 26. Bxc5 bxc5 27. a5 Ra7 28. b4 c4 29. a6 Ke6 30. d7 Rd8 31. Bc6 Kd6 32. b5 Bxd7 33. Bxd7 Rdxd7 34. b6 Kc5 35. bxa7 Rxa7 36. Ra5+ Kb4 37. Rxd5 Rxa6 38. Rd7 c3 39. Rb7+ Kc5 40. Rxc3+ Kd6 41. Rxg7 1-0

[Event "Titled Tuesday intern op 11th Jul Late"]
[Site "Chess.com INT"]
[Date "2023.07.11"]
[Round "10"]
[White "Mikhailov, Viacheslav"]
[Black "Kostic, V Vladimir"]
[Result "1-0"]
[WhiteElo "2428"]
[BlackElo "2033"]
[PlyCount "97"]
[EventDate "2023.07.11"]
[EventType "swiss (blitz)"]
[EventRounds "11"]
[EventCountry "USA"]
[SourceTitle "EXT 2024"]
[Source "ChessBase"]
[SourceDate "2023.10.10"]
[SourceVersion "1"]
[SourceVersionDate "2023.10.10"]
[SourceQuality "1"]

1. Nf3 d5 2. g3 g6 3. Bg2 Bg7 4. 0-0 e5 5. d3 Nc6 6. e4 dxe4 7. dxe4 Qxd1 8. Rxd1 Bg4 9. Be3 Nf6 10. Nc3 0-0 11. h3 Be6 12. Nd5 Rac8 13. Ng5 Bxd5 14. exd5 Nb4 15. Bc5 Nxc2 16. Bxf8 Bxf8 17. Rac1 Nd4 18. Kf1 Bd6 19. Nf3 Nxf3 20. Bxf3 Rd8 21. Bg2 Nd7 22. h4 Nc5 23. Rc4 b6 24. h5 g5 25. h6 f6 26. Bh3 Kf7 27. Bf5 Kg8 28. Rdc1 a5 29. Kg2 Bf8 30. Rh1 Rxd5 31. a3 a4 32. Rxa4 Nxa4 33. Be6+ Kh8 34. Bxd5 Nxb2 35. Rc1 Bd6 36. Be4 Na4 37. Kf3 Nc5 38. Bf5 Nb3 39. Rd1 Nd4+ 40. Kg4 Kg8 41. f4 gxf4 42. gxf4 Ne2 43. fxe5 fxe5 44. Be6+ Kf8 45. Bc4 Nf4 46. Kf5 Ke7 47. Rg1 Nh5 48. Rg7+ Kd8 49. Rxh7 1-0

[Event "Titled Tuesday intern op 11th Jul Late"]
[Site "Chess.com INT"]
[Date "2023.07.11"]
[Round "7"]
[White "Mikhailov, Viacheslav"]
[Black "Nunez V, Gustavo Eduardo"]
[Result "1-0"]
[WhiteElo "2428"]
[BlackElo "2226"]
[PlyCount "67"]
[EventDate "2023.07.11"]
[EventType "swiss (blitz)"]
[EventRounds "11"]
[EventCountry "USA"]
[SourceTitle "EXT 2024"]
[Source "ChessBase"]
[SourceDate "2023.10.10"]
[SourceVersion "1"]
[SourceVersionDate "2023.10.10"]
[SourceQuality "1"]

1. Nf3 g6 2. g3 Bg7 3. Bg2 Nf6 4. 0-0 0-0 5. c4 c5 6. Nc3 Nc6 7. d4 d6 8. b3 Bf5 9. Bb2 cxd4 10. Nxd4 Nxd4 11. Qxd4 Ne4 12. Qe3 Nxc3 13. Bxc3 Bxc3 14. Qxc3 Qc7 15. h4 h5 16. Rac1 Rac8 17. Rfd1 Bd7 18. Qe3 Bc6 19. c5 Rfd8 20. cxd6 Rxd6 21. Rxd6 Qxd6 22. Bxc6 Rxc6 23. Rxc6 bxc6 24. Qxa7 Qd1+ 25. Kg2 Qxe2 26. Qa8+ Kg7 27. Qxc6 Qxa2 28. b4 e5 29. b5 Qa4 30. Qd5 e4 31. b6 Qb4 32. b7 Kh6 33. Qd8 Qd4 34. Qxd4 1-0

[Event "Titled Tuesday intern op 17th Jan Late"]
[Site "Chess.com INT"]
[Date "2023.01.17"]
[Round "1"]
[White "Figorito, Nick"]
[Black "Mikhailov, Viacheslav"]
[Result "1-0"]
[WhiteElo "2036"]
[BlackElo "2428"]
[PlyCount "67"]
[EventDate "2023.01.17"]
[EventType "swiss (blitz)"]
[EventRounds "11"]
[EventCountry "USA"]
[SourceTitle "CBM 212 Extra"]
[Source "ChessBase"]
[SourceDate "2023.03.31"]
[SourceVersion "1"]
[SourceVersionDate "2023.03.31"]
[SourceQuality "1"]

1. Nf3 Nf6 2. g3 g6 3. Bg2 Bg7 4. 0-0 0-0 5. c4 d6 6. Nc3 Nc6 7. d3 Bf5 8. Rb1 Qd7 9. Re1 e5 10. e4 Bg4 11. Be3 Nd4 12. Bxd4 exd4 13. Ne2 c5 14. b4 Rae8 15. bxc5 dxc5 16. Nf4 b6 17. h3 Bxf3 18. Qxf3 Qd6 19. Re2 Bh6 20. Nd5 Nxd5 21. exd5 Re5 22. Rbe1 Rf5 23. Qe4 Qd7 24. Qe7 Qa4 25. d6 Bg5 26. Qe4 Bf6 27. Qc6 Qa3 28. d7 Qxd3 29. Be4 Qxc4 30. Bxf5 Bd8 31. Re8 Bg5 32. Qd6 Bh6 33. Rxf8+ Bxf8 34. d8Q 1-0

[Event "Titled Tuesday intern op 10th Jan Late"]
[Site "Chess.com INT"]
[Date "2023.01.10"]
[Round "11"]
[White "Mikhailov, Viacheslav"]
[Black "Makridis, Dimitrios"]
[Result "0-1"]
[WhiteElo "2428"]
[BlackElo "2374"]
[PlyCount "68"]
[EventDate "2023.01.10"]
[EventType "swiss (blitz)"]
[EventRounds "11"]
[EventCountry "USA"]
[SourceTitle "EXT 2024"]
[Source "ChessBase"]
[SourceDate "2023.10.10"]
[SourceVersion "1"]
[SourceVersionDate "2023.10.10"]
[SourceQuality "1"]

1. Nf3 d5 2. g3 Nf6 3. Bg2 e6 4. 0-0 Be7 5. d4 b5 6. c4 bxc4 7. Ne5 c6 8. Nc3 0-0 9. b3 cxb3 10. Qxb3 c5 11. dxc5 Bxc5 12. Bf4 Nbd7 13. Na4 Rb8 14. Qc2 Nxe5 15. Nxc5 Qd6 16. Nd3 Nfd7 17. Rfc1 f6 18. Qc7 Qxc7 19. Rxc7 Ba6 20. Nxe5 fxe5 21. Rxd7 exf4 22. Rxa7 Bxe2 23. a4 f3 24. Bh3 d4 25. Bxe6+ Kh8 26. Rd7 Rfd8 27. Rxd8+ Rxd8 28. a5 d3 29. Bb3 d2 30. Bd1 Re8 31. Bc2 Bd1 32. h4 Re1+ 33. Kh2 Bxc2 34. Ra2 d1Q 0-1

[Event "Titled Tuesday intern op 20th Dec Late"]
[Site "Chess.com INT"]
[Date "2022.12.20"]
[Round "1"]
[White "Delorme, Axel"]
[Black "Mikhailov, Viacheslav"]
[Result "0-1"]
[WhiteElo "2470"]
[BlackElo "2428"]
[PlyCount "92"]
[EventDate "2022.12.20"]
[EventType "swiss (blitz)"]
[EventRounds "11"]
[EventCountry "USA"]
[SourceTitle "EXT 2024"]
[Source "ChessBase"]
[SourceDate "2023.10.10"]
[SourceVersion "1"]
[SourceVersionDate "2023.10.10"]
[SourceQuality "1"]

1. e4 d6 2. d4 Nf6 3. Nc3 g6 4. Be3 Bg7 5. Qd2 0-0 6. Bh6 e5 7. Nge2 exd4 8. Nxd4 Nc6 9. Bxg7 Kxg7 10. 0-0-0 Re8 11. f3 Be6 12. g4 h5 13. g5 Nh7 14. Nxe6+ Rxe6 15. Bc4 Re8 16. f4 a6 17. h4 Qd7 18. Rhf1 Rf8 19. Bd5 Rae8 20. Rde1 b5 21. Bxc6 Qxc6 22. Qd4+ Kg8 23. Nd5 Qd7 24. f5 c6 25. Nf6+ Nxf6 26. Qxf6 Qe7 27. fxg6 Qxf6 28. Rxf6 d5 29. gxf7+ Rxf7 30. Rxf7 Kxf7 31. Rf1+ Kg7 32. exd5 cxd5 33. Rf4 Re2 34. a4 Rg2 35. axb5 axb5 36. b4 Kg6 37. c3 Kg7 38. Kd1 Rh2 39. Kc1 Kg6 40. Rf6+ Kg7 41. Rf5 Rxh4 42. Rxd5 Rg4 43. Rxb5 h4 44. Ra5 h3 45. Ra2 Rg1+ 46. Kb2 Rg2+ 0-1

[Event "Titled Tuesday intern op 20th Dec Late"]
[Site "Chess.com INT"]
[Date "2022.12.20"]
[Round "10"]
[White "Kleinman, Michael"]
[Black "Mikhailov, Viacheslav"]
[Result "0-1"]
[WhiteElo "2387"]
[BlackElo "2428"]
[PlyCount "72"]
[EventDate "2022.12.20"]
[EventType "swiss (blitz)"]
[EventRounds "11"]
[EventCountry "USA"]
[SourceTitle "EXT 2024"]
[Source "ChessBase"]
[SourceDate "2023.10.10"]
[SourceVersion "1"]
[SourceVersionDate "2023.10.10"]
[SourceQuality "1"]

1. e4 d6 2. d4 Nf6 3. Nc3 g6 4. h3 Bg7 5. Nf3 0-0 6. Be3 c6 7. a4 b6 8. Be2 Ba6 9. 0-0 c5 10. Bxa6 Nxa6 11. e5 Ne8 12. dxc5 Nxc5 13. Nd5 dxe5 14. a5 e4 15. axb6 axb6 16. Rxa8 Qxa8 17. Ng5 Qb7 18. Bxc5 bxc5 19. Nxe4 e6 20. Ndc3 Qxb2 21. Qd3 Nc7 22. Na4 Qb4 23. Nexc5 Nd5 24. c4 Nf4 25. Qe4 g5 26. Rb1 Qa3 27. h4 h6 28. g3 Ng6 29. h5 Ne5 30. Rb3 Qc1+ 31. Kg2 g4 32. Rc3 Qa1 33. Rc2 Nf3 34. Qxg4 Ne1+ 35. Kh3 Nxc2 36. Nd7 Qh1# 0-1

[Event "Titled Tuesday intern op 06th Dec Late"]
[Site "Chess.com INT"]
[Date "2022.12.06"]
[Round "3"]
[White "Dardha, Daniel"]
[Black "Mikhailov, Viacheslav"]
[Result "1-0"]
[WhiteElo "2606"]
[BlackElo "2428"]
[PlyCount "107"]
[EventDate "2022.12.06"]
[EventType "swiss (blitz)"]
[EventRounds "11"]
[EventCountry "USA"]
[SourceTitle "CBM 211 Extra"]
[Source "ChessBase"]
[SourceDate "2023.01.31"]
[SourceVersion "1"]
[SourceVersionDate "2023.01.31"]
[SourceQuality "1"]

1. d4 Nf6 2. Bg5 g6 3. Bxf6 exf6 4. e3 Bg7 5. g3 0-0 6. Bg2 d6 7. Nd2 c5 8. Ne2 Nc6 9. c3 f5 10. 0-0 Bd7 11. a3 Rc8 12. b4 b6 13. bxc5 dxc5 14. Nf4 Na5 15. Qe2 Re8 16. Qd3 Be6 17. Nxe6 Rxe6 18. a4 h5 19. Nf3 Nb3 20. Rab1 c4 21. Qc2 Qd7 22. Qa2 Bf6 23. Rfd1 h4 24. Nd2 hxg3 25. hxg3 Nxd2 26. Rxd2 Kg7 27. Rb4 f4 28. gxf4 Rh8 29. Qxc4 Re7 30. Qc6 Qg4 31. Qf3 Qh4 32. Kf1 Rc7 33. Rc2 Rhc8 34. c4 Be7 35. Rb1 Rxc4 36. Rxc4 Rxc4 37. f5 g5 38. a5 bxa5 39. Qe4 Qxe4 40. Bxe4 a4 41. Rb7 a3 42. Rxa7 Bb4 43. Bd5 Rc1+ 44. Kg2 Rc2 45. Rxf7+ Kh8 46. f6 Rc8 47. Rb7 Bd6 48. Ra7 Rd8 49. e4 Bb4 50. Kf3 g4+ 51. Kxg4 Rf8 52. e5 Rd8 53. e6 Rxd5 54. e7 1-0

[Event "Titled Tuesday intern op 06th Dec Late"]
[Site "Chess.com INT"]
[Date "2022.12.06"]
[Round "4"]
[White "Manukyan, Sargis A"]
[Black "Mikhailov, Viacheslav"]
[Result "1-0"]
[WhiteElo "2163"]
[BlackElo "2428"]
[PlyCount "25"]
[EventDate "2022.12.06"]
[EventType "swiss (blitz)"]
[EventRounds "11"]
[EventCountry "USA"]
[SourceTitle "CBM 211 Extra"]
[Source "ChessBase"]
[SourceDate "2023.01.31"]
[SourceVersion "1"]
[SourceVersionDate "2023.01.31"]
[SourceQuality "1"]

1. d4 Nf6 2. c4 g6 3. Nc3 Bg7 4. Nf3 0-0 5. h3 d6 6. Bf4 c5 7. d5 a6 8. e3 b5 9. cxb5 axb5 10. Bxb5 Qa5 11. 0-0 Ne4 12. Bc4 Qxc3 13. bxc3 1-0

[Event "Speed Chess Q2"]
[Site "Chess.com INT"]
[Date "2022.11.12"]
[Round "14"]
[White "Costello, Alexander"]
[Black "Mikhailov, Viacheslav"]
[Result "1-0"]
[WhiteElo "2224"]
[BlackElo "2428"]
[PlyCount "97"]
[EventDate "2022.11.12"]
[EventType "swiss (blitz)"]
[EventRounds "14"]
[EventCountry "USA"]
[SourceTitle "CBM 211 Extra"]
[Source "ChessBase"]
[SourceDate "2023.01.31"]
[SourceVersion "1"]
[SourceVersionDate "2023.01.31"]
[SourceQuality "1"]

1. e4 c5 2. Nf3 Nc6 3. Bb5 g6 4. 0-0 Bg7 5. Nc3 d6 6. d4 cxd4 7. Nxd4 Bd7 8. Bxc6 bxc6 9. Be3 Nf6 10. f3 0-0 11. Qd2 Rb8 12. Rab1 Qc7 13. Rfd1 c5 14. Nde2 Be6 15. b3 Nd7 16. Nf4 Nb6 17. a4 Qb7 18. a5 Nd7 19. Ncd5 Bxd5 20. Nxd5 Nf6 21. Bh6 Nxd5 22. Bxg7 Kxg7 23. exd5 Rfe8 24. Re1 Qb4 25. Rbd1 Qxd2 26. Rxd2 Rb5 27. Ra1 Rb4 28. Kf2 Kf6 29. Re2 Rd4 30. c4 Rb8 31. Rae1 Rxb3 32. Rxe7 Rb2+ 33. Kg3 Rdd2 34. Rd7 Rxg2+ 35. Kf4 Rxh2 36. Rxd6+ Kg7 37. Rc6 Rh4+ 38. Ke5 Rxc4 39. Rd1 Re2+ 40. Kd6 Rd4 41. Rxd4 cxd4 42. Rc4 d3 43. Rd4 d2 44. Kc7 Kf6 45. d6 Ke5 46. Rd3 d1Q 47. Rxd1 Rc2+ 48. Kb7 Rb2+ 49. Kxa7 1-0

[Event "Speed Chess Q2"]
[Site "Chess.com INT"]
[Date "2022.11.12"]
[Round "6"]
[White "Mikhailov, Viacheslav"]
[Black "Alekseenko, Kirill"]
[Result "0-1"]
[WhiteElo "2428"]
[BlackElo "2687"]
[PlyCount "44"]
[EventDate "2022.11.12"]
[EventType "swiss (blitz)"]
[EventRounds "14"]
[EventCountry "USA"]
[SourceTitle "CBM 211 Extra"]
[Source "ChessBase"]
[SourceDate "2023.01.31"]
[SourceVersion "1"]
[SourceVersionDate "2023.01.31"]
[SourceQuality "1"]

1. Nf3 d5 2. g3 Nd7 3. d4 Nb6 4. Bg2 Bf5 5. 0-0 e6 6. a4 a5 7. Ne5 c6 8. b3 Nf6 9. c4 Be7 10. Nc3 0-0 11. Bf4 h6 12. Re1 Bb4 13. Bd2 dxc4 14. e4 Bh7 15. d5 cxd5 16. exd5 exd5 17. Ng4 d4 18. Nxf6+ Qxf6 19. Ne4 Bxe4 20. Bxb4 Bxg2 21. Bxf8 Bf3 22. Be7 Qf5 0-1

[Event "Speed Chess Q1"]
[Site "Chess.com INT"]
[Date "2022.11.10"]
[Round "11"]
[White "Goltseva, Ekaterina"]
[Black "Mikhailov, Viacheslav"]
[Result "0-1"]
[WhiteElo "2265"]
[BlackElo "2428"]
[PlyCount "84"]
[EventDate "2022.11.10"]
[EventType "swiss (blitz)"]
[EventRounds "14"]
[EventCountry "USA"]
[SourceTitle "CBM 211 Extra"]
[Source "ChessBase"]
[SourceDate "2023.01.31"]
[SourceVersion "1"]
[SourceVersionDate "2023.01.31"]
[SourceQuality "1"]

1. d4 c5 2. d5 e5 3. e4 d6 4. Nc3 a6 5. a4 Be7 6. Be2 Bg5 7. Nf3 Bxc1 8. Qxc1 Bg4 9. Nd2 Bxe2 10. Nxe2 Ne7 11. Nc4 0-0 12. 0-0 f5 13. f3 Rf6 14. a5 Nd7 15. Qd2 Rh6 16. g4 f4 17. Nc3 Nf6 18. Na4 Rh4 19. Qg2 Ng6 20. Nab6 Rb8 21. Rab1 h5 22. g5 Ng4 23. h3 Qxg5 24. hxg4 hxg4 25. Nxd6 g3 26. Nd7 Rd8 27. Nxc5 Rxd6 28. Ne6 Qh6 29. c4 Rh2 30. Rf2 Rxg2+ 31. Rxg2 Nh4 32. c5 Nxf3+ 33. Kf1 Qh1+ 34. Ke2 Qxg2+ 35. Kd3 Qd2+ 36. Kc4 Qc2+ 37. Kb4 Rxe6 38. dxe6 Qxb1 39. e7 Kf7 40. c6 Qxb2+ 41. Kc5 Qb5+ 42. Kd6 Qxc6# 0-1

[Event "Speed Chess Q1"]
[Site "Chess.com INT"]
[Date "2022.11.10"]
[Round "10"]
[White "Mikhailov, Viacheslav"]
[Black "Garv, Gaur"]
[Result "0-1"]
[WhiteElo "2428"]
[BlackElo "1973"]
[PlyCount "122"]
[EventDate "2022.11.10"]
[EventType "swiss (blitz)"]
[EventRounds "14"]
[EventCountry "USA"]
[SourceTitle "CBM 211 Extra"]
[Source "ChessBase"]
[SourceDate "2023.01.31"]
[SourceVersion "1"]
[SourceVersionDate "2023.01.31"]
[SourceQuality "1"]

1. Nf3 d5 2. g3 Nf6 3. Bg2 c6 4. 0-0 Bg4 5. c4 e6 6. d4 Nbd7 7. Nc3 Be7 8. Qb3 Qb6 9. c5 Qa6 10. Re1 0-0 11. Bf1 b6 12. Ne5 Nxe5 13. dxe5 Nd7 14. e4 Qb7 15. exd5 cxd5 16. cxb6 Qxb6 17. Be3 Qxb3 18. axb3 a5 19. h3 Bf5 20. f4 Bb4 21. Rec1 Nc5 22. g4 Bd3 23. Nxd5 Nxb3 24. Bxd3 exd5 25. Bb5 Nxa1 26. Rxa1 Rfc8 27. f5 Bc5 28. Kf2 Bxe3+ 29. Kxe3 Rab8 30. Bd7 Rc4 31. e6 Rb3+ 32. Kd2 Rxb2+ 33. Kd3 Rb3+ 34. Kd2 Rb2+ 35. Kd3 fxe6 36. fxe6 Kf8 37. Rxa5 Rb3+ 38. Kd2 Rcb4 39. Rxd5 Rb2+ 40. Kc3 R4b3+ 41. Kc4 Rxh3 42. Rf5+ Ke7 43. Rf7+ Kd6 44. Rxg7 Rc2+ 45. Kb4 Re2 46. Rg8 Re4+ 47. Ka5 Ra3+ 48. Kb5 Rb3+ 49. Ka5 Re1 50. Rg7 Ra1+ 51. Ba4 Rba3 52. Rd7+ Kxe6 53. Rd4 Ke5 54. Rb4 Rxa4+ 55. Rxa4 Rxa4+ 56. Kxa4 Kf4 57. Kb3 Kxg4 58. Kc2 Kg3 59. Kd2 h5 60. Ke1 Kg2 61. Ke2 h4 0-1

[Event "Titled Tuesday intern op 08th Nov Late"]
[Site "Chess.com INT"]
[Date "2022.11.08"]
[Round "2"]
[White "Mikhailov, Viacheslav"]
[Black "Ferreira, Vitor Hugo Vieira"]
[Result "1-0"]
[WhiteElo "2428"]
[BlackElo "2128"]
[PlyCount "127"]
[EventDate "2022.11.08"]
[EventType "swiss (blitz)"]
[EventRounds "11"]
[EventCountry "USA"]
[SourceTitle "EXT 2024"]
[Source "ChessBase"]
[SourceDate "2023.10.10"]
[SourceVersion "1"]
[SourceVersionDate "2023.10.10"]
[SourceQuality "1"]

1. Nf3 Nf6 2. g3 d5 3. Bg2 Bg4 4. 0-0 Nbd7 5. c4 e6 6. d4 c6 7. Nc3 Bd6 8. Qb3 Qb6 9. c5 Qxb3 10. axb3 Bc7 11. b4 a6 12. b5 cxb5 13. Nxb5 Bb8 14. Bf4 0-0 15. Nd6 Bxd6 16. Bxd6 Rfc8 17. b4 Ne4 18. Rfc1 Nxd6 19. cxd6 Bxf3 20. Bxf3 f5 21. e3 Nb6 22. Rc5 Nc4 23. b5 Nxd6 24. bxa6 Rxa6 25. Rxa6 bxa6 26. Ra5 Rc6 27. Kg2 Kf8 28. Be2 Nc4 29. Ra4 Ke7 30. Kf1 Kd6 31. Ke1 Kc7 32. Bxc4 dxc4 33. Kd2 Kd6 34. Ra5 Rb6 35. Kc3 Rb1 36. Kxc4 Rb2 37. Rxa6+ Ke7 38. f3 Rxh2 39. e4 fxe4 40. fxe4 Rg2 41. Ra7+ Kf6 42. e5+ Kg6 43. Re7 Rxg3 44. Rxe6+ Kf5 45. Re8 h5 46. Kd5 h4 47. Rf8+ Kg4 48. e6 Re3 49. Kd6 h3 50. e7 h2 51. Rh8 Kg3 52. Kd7 g5 53. e8Q Rxe8 54. Kxe8 g4 55. d5 Kg2 56. d6 g3 57. d7 h1Q 58. Rxh1 Kxh1 59. d8Q g2 60. Qh4+ Kg1 61. Ke7 Kf1 62. Qf4+ Ke2 63. Qg3 Kf1 64. Qf3+ 1-0

[Event "Titled Tuesday intern op 08th Nov Late"]
[Site "Chess.com INT"]
[Date "2022.11.08"]
[Round "6"]
[White "Pinheiro, Iung Alicio"]
[Black "Mikhailov, Viacheslav"]
[Result "1-0"]
[WhiteElo "2320"]
[BlackElo "2428"]
[PlyCount "53"]
[EventDate "2022.11.08"]
[EventType "swiss (blitz)"]
[EventRounds "11"]
[EventCountry "USA"]
[SourceTitle "EXT 2024"]
[Source "ChessBase"]
[SourceDate "2023.10.10"]
[SourceVersion "1"]
[SourceVersionDate "2023.10.10"]
[SourceQuality "1"]

1. e4 d6 2. d4 Nf6 3. Nc3 g6 4. Be3 Bg7 5. Qd2 0-0 6. 0-0-0 c6 7. Bh6 b5 8. f3 Be6 9. Kb1 b4 10. Nce2 a5 11. h4 a4 12. h5 b3 13. cxb3 axb3 14. a3 Qa5 15. Nc3 Nbd7 16. hxg6 fxg6 17. Bxg7 Kxg7 18. Qh6+ Kg8 19. Nge2 Nb6 20. Nf4 Bf7 21. g4 g5 22. e5 dxe5 23. Bd3 e4 24. fxe4 gxf4 25. e5 Rfd8 26. exf6 Bg6 27. Qg7# 1-0

[Event "Titled Tuesday intern op 18th Oct Late"]
[Site "Chess.com INT"]
[Date "2022.10.18"]
[Round "1"]
[White "Bochnicka, Vladimir1111"]
[Black "Mikhailov, Viacheslav"]
[Result "0-1"]
[WhiteElo "2339"]
[BlackElo "2428"]
[PlyCount "114"]
[EventDate "2022.10.18"]
[EventType "swiss (blitz)"]
[EventRounds "11"]
[EventCountry "USA"]
[SourceTitle "EXT 2024"]
[Source "ChessBase"]
[SourceDate "2023.10.10"]
[SourceVersion "1"]
[SourceVersionDate "2023.10.10"]
[SourceQuality "1"]

1. e4 d6 2. d4 Nf6 3. Nc3 g6 4. Be3 Bg7 5. h3 0-0 6. Qd2 e5 7. Nf3 exd4 8. Nxd4 Nc6 9. 0-0-0 Re8 10. f3 d5 11. Bg5 Nxd4 12. Qxd4 Nxe4 13. Bxd8 Bxd4 14. Nxd5 Nf2 15. Rxd4 Re1+ 16. Kd2 Rd1+ 17. Ke3 Rxd4 18. Kxd4 Nxh1 19. Bh4 c6 20. Nf6+ Kg7 21. Ne8+ Kf8 22. Nd6 Be6 23. Nxb7 Rb8 24. Ba6 Bc8 25. Nc5 Bxa6 26. Nxa6 Rxb2 27. c4 Rxa2 28. Nb4 Rxg2 29. Nxc6 Ng3 30. Bxg3 Rxg3 31. Nxa7 Rxh3 32. c5 Ke7 33. Ke4 h5 34. c6 Kd6 35. Nb5+ Kxc6 36. Nd4+ Kd6 37. Ne2 Rh2 38. Nf4 Rh4 39. Ke3 Rxf4 40. Kxf4 f6 41. Ke4 Ke6 42. Kf4 g5+ 43. Ke4 f5+ 44. Ke3 Ke5 45. Kf2 Kf4 46. Kg2 h4 47. Kf2 h3 48. Kg1 Kxf3 49. Kh2 Kg4 50. Kg1 Kg3 51. Kh1 f4 52. Kg1 f3 53. Kf1 h2 54. Ke1 h1Q+ 55. Kd2 f2 56. Kc3 f1Q 57. Kb4 Qe4+ 0-1

[Event "Titled Tuesday intern op 18th Oct Late"]
[Site "Chess.com INT"]
[Date "2022.10.18"]
[Round "9"]
[White "Mikhailov, Viacheslav"]
[Black "Pranav, V."]
[Result "1-0"]
[WhiteElo "2428"]
[BlackElo "2530"]
[PlyCount "101"]
[EventDate "2022.10.18"]
[EventType "swiss (blitz)"]
[EventRounds "11"]
[EventCountry "USA"]
[SourceTitle "EXT 2024"]
[Source "ChessBase"]
[SourceDate "2023.10.10"]
[SourceVersion "1"]
[SourceVersionDate "2023.10.10"]
[SourceQuality "1"]

1. Nf3 Nf6 2. g3 g6 3. Bg2 Bg7 4. 0-0 0-0 5. c4 d6 6. Nc3 e5 7. d3 Nc6 8. Bg5 h6 9. Bxf6 Qxf6 10. Rc1 Qd8 11. Nd5 f5 12. b4 Kh7 13. b5 Ne7 14. Nd2 Nxd5 15. cxd5 Bd7 16. Qb3 Rf7 17. Rc4 Be8 18. Rfc1 a6 19. bxa6 Rxa6 20. Qxb7 Rb6 21. Qa7 c5 22. Qa5 Qb8 23. Nb3 Ra7 24. Qd2 Rba6 25. R4c2 Qa8 26. e4 Rxa2 27. h4 Rxc2 28. Qxc2 Ra3 29. Nd2 Ra2 30. Qd1 f4 31. Nc4 Qd8 32. Ra1 Rxa1 33. Qxa1 fxg3 34. fxg3 Bb5 35. Kh2 Qc7 36. Qa8 h5 37. Bh3 Kh6 38. Qg8 Bxc4 39. dxc4 Qa5 40. Qe6 Qa2+ 41. Bg2 Qa6 42. Bf1 Kh7 43. Kh3 Qb6 44. Be2 Qb2 45. Bf3 Qb3 46. Bg2 Qb8 47. Bf3 Kh6 48. Qe7 Bf8 49. Qg5+ Kh7 50. Qf6 Bg7 51. Qe7 1-0

[Event "Titled Tuesday intern op 11th Oct Late"]
[Site "Chess.com INT"]
[Date "2022.10.11"]
[Round "3"]
[White "Kanter, Eduard"]
[Black "Mikhailov, Viacheslav"]
[Result "0-1"]
[WhiteElo "2367"]
[BlackElo "2428"]
[PlyCount "92"]
[EventDate "2022.10.11"]
[EventType "swiss (blitz)"]
[EventRounds "11"]
[EventCountry "USA"]
[SourceTitle "EXT 2024"]
[Source "ChessBase"]
[SourceDate "2023.10.10"]
[SourceVersion "1"]
[SourceVersionDate "2023.10.10"]
[SourceQuality "1"]

1. d4 c5 2. d5 e5 3. c4 d6 4. e4 Be7 5. Nf3 Bg4 6. Nbd2 Bg5 7. Be2 Bxf3 8. Bxf3 Ne7 9. 0-0 0-0 10. a3 Nd7 11. b4 Rc8 12. Bg4 f5 13. exf5 Nxf5 14. Ne4 Bxc1 15. Rxc1 Qe7 16. Bxf5 Rxf5 17. Qd3 Rff8 18. Rb1 b6 19. b5 h6 20. a4 Nf6 21. Rfe1 Nxe4 22. Rxe4 Rf5 23. a5 Rcf8 24. f3 Rf4 25. axb6 axb6 26. Ra1 Qh4 27. g3 Qg5 28. Rf1 Rxe4 29. fxe4 Rxf1+ 30. Kxf1 Qc1+ 31. Kg2 h5 32. h4 g6 33. Qe2 Kg7 34. Qd3 Qb2+ 35. Kh3 Qd4 36. Qe2 Qg1 37. Qf3 Qc1 38. g4 hxg4+ 39. Qxg4 Qxc4 40. Qd7+ Kh6 41. Qxd6 Qd3+ 42. Kh2 Qe2+ 43. Kg3 Qe3+ 44. Kh2 Qf4+ 45. Kh3 c4 46. Qf8+ Qxf8 0-1

[Event "Titled Tuesday intern op 11th Oct Late"]
[Site "Chess.com INT"]
[Date "2022.10.11"]
[Round "5"]
[White "Mikhailov, Viacheslav"]
[Black "Svane, Rasmus"]
[Result "0-1"]
[WhiteElo "2428"]
[BlackElo "2615"]
[PlyCount "60"]
[EventDate "2022.10.11"]
[EventType "swiss (blitz)"]
[EventRounds "11"]
[EventCountry "USA"]
[SourceTitle "EXT 2024"]
[Source "ChessBase"]
[SourceDate "2023.10.10"]
[SourceVersion "1"]
[SourceVersionDate "2023.10.10"]
[SourceQuality "1"]

1. Nf3 d5 2. g3 g6 3. Bg2 Bg7 4. c4 dxc4 5. 0-0 Nc6 6. Na3 e5 7. Nxc4 e4 8. Ne1 Be6 9. Ne3 f5 10. d3 Nf6 11. dxe4 Qxd1 12. Nxd1 Nxe4 13. Nd3 0-0-0 14. Be3 Bc4 15. Rc1 Bxd3 16. exd3 Rxd3 17. Bxe4 fxe4 18. Nc3 Bxc3 19. bxc3 Ne5 20. Kg2 Nf3 21. h4 Rhd8 22. h5 g5 23. h6 Kd7 24. Rb1 b6 25. Rfc1 c5 26. a4 Kc6 27. a5 b5 28. a6 R8d6 29. Rb2 Rxh6 30. g4 Rxe3 0-1